Score 0/18 Timer 08:00
0 Plays Today
% Correct
SpongeBob SquarePants
98.5%
Star Trek: Deep Space Nine
91.5%
How I Met Your Mother
90.7%
South Park
89%
Futurama
86%
Cheers
75.5%
He-Man
73.7%
NCIS
73.2%
Will & Grace
68.9%
% Correct
The Walking Dead
67.4%
Adventure Time
52.2%
Community
49.5%
Rupaul's Drag Race
44.5%
Supernatural
43.2%
The Vampire Diaries
26.6%
Misfits
22%
Justified
15.3%
Mega Man
8.7%
Remove Ads.
Support Sporcle.
Get the best of Sporcle when you Go Orange. This ad-free experience offers more features, more stats, and more fun while also helping to support Sporcle. Thank you for becoming a member.

You're not logged in!

Compare scores with friends on all Sporcle quizzes.
OR
Log In

Show Comments

Extras

Top Quizzes Today


Score Distribution

Your Account Isn't Verified!

In order to create a playlist on Sporcle, you need to verify the email address you used during registration. Go to your Sporcle Settings to finish the process.

Report this User

Report this user for behavior that violates our Community Guidelines.

Details: